[Event "23rd OIBM 2019"]
[Site "Gmund am Tegernsee"]
[Date "2019.11.01"]
[Round "7.26"]
[White "Cordes, Hans-Joerg"]
[Black "Gschnitzer, Adrian"]
[Result "0-1"]
[WhiteElo "2188"]
[BlackElo "2412"]
[Annotator "TA"]
[PlyCount "100"]
[EventDate "2019.10.17"]
[EventType "swiss"]
[EventCountry "GER"]
[SourceTitle "playchess.com"]
[Source "ChessBase"]
[SourceQuality "1"]

{[%evp 13,100,64,68,56,63,60,61,59,54,57,67,64,79,62,74,55,46,33,48,35,83,71,81,33,37,30,45,-10,-15,-43,-11,-11,0,-6,-16,-44,89,86,64,13,15,-49,-18,-47,-62,-85,-77,-76,-81,-35,0,0,113,114,125,-154,29992,-153,-151,-156,-156,-150,-148,-153,-152,-163,-166,-163,-157,-183,-177,-225,-241,-222,-194,-352,-342,-312,-297,-468,-476,-536,-514,-485,-474,-598,-541,-788,-787]} 1. d4 Nf6 2. Nf3 c5 3. d5 g6 4. Nc3 Bg7 5. e4 d6 6. Bb5+ Nfd7 7. a4 {[%cal Ba2a4,Ba4a5][%mdl 32]} Na6 8. O-O {A43: Schmid Benoni} Nc7 9. Bc4 O-O 10. Re1 {White is slightly better.} Nb6 11. Bf1 Bd7 12. a5 Nc8 $1 13. h3 a6 $146 ({Predecessor:} 13... Rb8 14. e5 b5 15. axb6 axb6 {½-½ (62) Bosiocic,M (2613)-Gschnitzer,A (2380) Karlsruhe 2019}) 14. e5 Bb5 15. Bf4 Bxf1 16. Kxf1 Qd7 17. Qd2 b5 {[%cal Bb7b5,Bb5b4][%mdl 32]} 18. Bh6 b4 19. Bxg7 Kxg7 20. e6 (20. Ne4 $14) 20... fxe6 $11 21. dxe6 Qc6 22. Ne4 Qd5 23. Qe3 Qxe6 24. Rad1 Nd5 (24... Rb8 $15 {stays ahead.}) 25. Qg5 Rf5 26. Nxc5 ({Better is} 26. Qh4 $14 Qg8 27. Ng3) 26... Ne3+ $1 27. Rxe3 (27. Qxe3 $11 Qxe3 28. Rxe3 Rxc5 {[%mdl 64] Double Attack} 29. Re4) 27... Qc4+ $15 {[%mdl 64] Double Attack} 28. Kg1 Rxg5 29. Ne6+ Kg8 30. Nfxg5 {Rd4 is the strong threat.} Qxc2 31. Rd4 h6 ({Don't go for} 31... Qxb2 $2 32. Rf3 $16) (31... d5 $5 32. Rh4 h5 $11) 32. Rf4 {[%csl Ge6][%cal Rf4f8]} Na7 (32... hxg5 $11 {remains equal.} 33. Rf8+ Kh7 34. Rf7+ Kh8 35. Rf8+ Kh7 36. Rf7+ Kh8 37. Rf8+ Kh7) 33. Nf7 $16 g5 {[#]} (33... Qxb2 34. Nxh6+ Kh7 35. Nf7 $18) 34. Rg3 $2 {[%mdl 8192]} (34. Nfxg5 $1 $16 {[%mdl 512]} hxg5 35. Rg3) 34... Qc1+ $1 $17 {[#]} 35. Kh2 $1 {[%mdl 512] [#]} Qxf4 $1 {[%mdl 576] Remove Defender} 36. Nxf4 Kxf7 {[%mdl 4096] Endgame KRN-KRN} 37. Nd5 Nc6 38. Rf3+ Kg6 39. Re3 {[#]} Ra7 $1 40. Re6+ Kg7 41. Kg3 b3 42. Kg4 Nxa5 43. Ne3 Nc6 44. Kh5 $2 (44. Nf5+ {was necessary.} Kf7 45. Re3) 44... a5 $19 {[%cal Ba6a5,Ba5a4][%mdl 32]} 45. Nf5+ Kf7 46. Re3 (46. Re1 {keeps fighting.} Kf6 47. Nxh6) 46... a4 {Black is clearly winning.} 47. Kxh6 Ra5 48. g4 Re5 {aiming for ...Rxe3.} ({Weaker is} 48... a3 49. bxa3 Rxa3 50. Re2 $19) 49. Rc3 Rc5 {White must now prevent ...Rxc3.} 50. Re3 Rc2 {[%mdl 64] Double Attack. Accuracy: White = 48%, Black = 72%.} 0-1

[Event "23rd OIBM 2019"]
[Site "Gmund am Tegernsee"]
[Date "2019.11.01"]
[Round "7.27"]
[White "Wiechert, Hans"]
[Black "Manu David Suthandram R"]
[Result "0-1"]
[WhiteElo "2187"]
[BlackElo "2403"]
[Annotator "TA"]
[PlyCount "44"]
[EventDate "2019.10.17"]
[EventType "swiss"]
[EventCountry "GER"]
[SourceTitle "playchess.com"]
[Source "ChessBase"]
[SourceQuality "1"]

{[%evp 23,44,39,27,15,14,0,27,28,51,0,0,0,12,-210,-225,-533,-528,-528,-528,-524,-527,-522,-517]} 1. Nf3 c5 2. c4 Nc6 3. g3 Nf6 4. Bg2 e6 5. O-O d5 6. cxd5 exd5 7. d4 Be7 8. Nc3 h6 9. dxc5 Bxc5 10. Na4 Be7 11. Be3 O-O 12. Rc1 Re8 13. Bc5 {D34: Tarrasch Defence: 6 g3 Nf6 7 Bg2 Be7} (13. Nc5 Bxc5 14. Bxc5 Bg4 15. h3 Bf5 16. Nd4 Be4 17. f3 Bg6 18. Qd2 Nd7 19. Nxc6 bxc6 20. Bd4 Qc7 {1-0 (32) Stupak,K (2575)-Guliev,S (2367) Konya 2018}) 13... Bg4 14. Re1 $146 ({Predecessor:} 14. h3 Bh5 15. Re1 Bg6 16. Bxe7 Qxe7 17. a3 Rac8 18. Nc5 Ne5 19. Nxe5 Qxe5 {½-½ (27) Mira,H (2153)-Braun,G (2329) Dresden 2008}) 14... Ne4 15. Bxe7 {White has an edge.} Qxe7 16. Nc3 ({White should try} 16. Qxd5 $14 Nb4 17. Qb3) 16... Rad8 $11 17. Qd3 Qb4 18. Qb1 $2 {[#]} (18. Nxd5 $11 {and White has nothing to worry.} Qa5 19. Red1) 18... Qb6 $1 $19 19. e3 $2 {[#]} (19. Rf1 {is more resistant.}) 19... Bxf3 $1 {Black is clearly winning.} 20. Bxf3 {[%cal Rc3e4]} Nd2 $1 {[%csl LRb1,LRf3]} 21. Qf5 Ne7 22. Qg4 f5 {Accuracy: White = 25%, Black = 72%.} 0-1

[Event "23rd OIBM 2019"]
[Site "Gmund am Tegernsee"]
[Date "2019.11.01"]
[Round "7.28"]
[White "Miller, Eduard"]
[Black "Kraich, Klaus"]
[Result "1/2-1/2"]
[WhiteElo "2402"]
[BlackElo "2183"]
[Annotator "TA"]
[PlyCount "142"]
[EventDate "2019.10.17"]
[EventType "swiss"]
[EventCountry "GER"]
[SourceTitle "playchess.com"]
[Source "ChessBase"]
[SourceQuality "1"]

{[%evp 13,142,45,35,25,26,13,22,0,0,0,36,25,30,4,40,33,56,38,78,58,99,18,26,18,97,99,108,99,105,85,108,72,125,126,146,154,166,177,149,81,56,32,64,8,8,6,7,0,3,-7,50,30,36,11,11,11,12,0,0,-16,-17,-14,-41,-28,-39,-56,-11,-17,-17,-9,-20,-20,-8,-13,-9,-13,-2,-3,0,0,0,0,0,0,8,8,8,8,8,8,8,8,8,8,14,18,68,68,67,34,52,41,59,64,100,100,100,100,108,108,108,108,108,108,108,108,108,0,0,0,0,0,0,0,0,0,0,0,0,0,0]} 1. e4 d6 2. c4 g6 3. d4 Bg7 4. Nc3 e5 5. dxe5 dxe5 6. Qxd8+ Kxd8 7. Bg5+ f6 8. O-O-O+ {A42: Modern Defence: Averbakh Variation} Bd7 (8... Nd7 9. Be3 c6 10. f4 exf4 11. Bxf4 Bh6 12. g3 Ke7 13. Kc2 Ne5 14. h3 Be6 15. b3 Bg7 16. Bc1 Nh6 17. Ba3+ {0-1 (59) Khotenashvili,B (2453)-Sviridov,V (2556) Minsk 2019}) 9. Be3 Bh6 10. Nd5 (10. f4 {seems wilder.} exf4 11. Bd2 Nc6 12. Nd5 Ne5 13. h3) 10... Bxe3+ 11. Nxe3 Ne7 $146 ({Predecessor:} 11... Na6 12. g3 Ke8 13. Ne2 Nh6 14. f3 c6 15. h4 Ke7 {0-1 (79) Hrzica,R (2261)-Poley,V (2354) Agneaux 2006}) 12. h4 h5 13. g3 Kc8 14. f4 exf4 15. gxf4 a5 16. Nf3 Na6 17. Bd3 (17. Rg1 $16) 17... Nc5 18. Bc2 Bc6 (18... c6 $11 {keeps the balance.}) 19. Nd5 $16 Bxd5 20. exd5 Kd7 21. Rhg1 Rhg8 22. Rd2 Ke8 (22... Rab8 $142) 23. Nd4 Rd8 24. f5 {[%cal Rf5g6]} gxf5 25. Rxg8+ Nxg8 26. Bxf5 ({White should play} 26. Nxf5 Kf8 27. Ng3) 26... Ne7 27. Bh3 c6 28. Ne6 (28. dxc6 $1 $14 bxc6 29. Bg2) 28... Nxe6 $11 29. Bxe6 cxd5 30. cxd5 {[%mdl 4096] Endgame KRB-KRN} Ng6 31. d6 Nf4 ({Black should try} 31... Nxh4 $11 32. Rd5 b6) 32. Bc4 Ng6 33. Be2 Rc8+ 34. Kb1 Rc5 35. a4 {[#] Black must now prevent Bb5+.} Nxh4 36. Bb5+ Kd8 37. Re2 {[%csl Gb5][%cal Re2e8]} Re5 38. Rc2 Nf5 39. Rc7 $1 {[%cal Rc7b7]} Rd5 (39... Re6 {keeps more tension.} 40. Rxb7 Nxd6 41. Rh7 Nxb5 42. axb5 f5) 40. Rxb7 {[%cal Rb7b8]} Nxd6 41. Rd7+ Kc8 42. Bc6 Rd4 43. b3 h4 44. Ra7 f5 {next ...h3 is good for Black.} 45. Kc2 Rf4 46. Kd3 Rg4 47. Bd5 h3 48. Rh7 Ne4 {Threatening ...Ng5.} 49. Be6+ Kb8 $132 {[%mdl 2048] ...Nc5+ is the strong threat. Black has counterplay} 50. Bxf5 Nc5+ 51. Kc3 Rg3+ 52. Kc4 Nxb3 53. Bxh3 Nd2+ 54. Kb5 Rb3+ 55. Ka6 $1 Rb2 56. Bd7 Ne4 57. Bb5 Nd6 58. Kxa5 Nxb5 59. axb5 $14 {KR-KR} Rf2 {[#]} 60. Ka6 $1 {Hoping for Rh8+.} Rf8 61. Rh6 Rg8 62. Rb6+ Ka8 63. Rd6 Kb8 64. b6 Rh8 65. Kb5 (65. Rd7 $16) 65... Rg8 {The position is equal.} 66. Kc6 Rh8 67. b7 Rg8 68. Kb6 Rh8 69. Rc6 Rg8 70. Rc8+ Rxc8 71. bxc8=Q+ Kxc8 {Accuracy: White = 47%, Black = 49%.} 1/2-1/2

[Event "23rd OIBM 2019"]
[Site "Gmund am Tegernsee"]
[Date "2019.11.01"]
[Round "7.29"]
[White "Zude, Arno"]
[Black "Sieglen, Joachim"]
[Result "1/2-1/2"]
[WhiteElo "2372"]
[BlackElo "2187"]
[Annotator "RC"]
[PlyCount "73"]
[EventDate "2019.10.17"]
[EventType "swiss"]
[EventCountry "GER"]
[SourceTitle "playchess.com"]
[Source "ChessBase"]
[SourceQuality "1"]
[TimeControl "40/5400+30:1800+30"]

1. e4 {[%emt 0:00:00]} e6 {[%emt 0:00:00]} 2. d4 {[%emt 0:00:00]} d5 {[%emt 0:00:00]} 3. Nc3 {[%emt 0:00:00]} Bb4 {[%emt 0:00:00]} 4. e5 {[%emt 0:00:06]} c5 {[%emt 0:00:00]} 5. a3 {[%emt 0:00:09]} Bxc3+ {[%emt 0:00:00]} 6. bxc3 {[%emt 0:00:08]} Ne7 {[%emt 0:00:00]} 7. Qg4 {[%emt 0:00:34]} cxd4 {[%emt 0:00:05]} 8. Bd3 {[%emt 0:02:14]} Qa5 {[%emt 0:00:59]} 9. Ne2 {[%emt 0:01:37]} Nbc6 {[%emt 0:03:45]} 10. O-O {[%emt 0:12:06]} dxc3 {[%emt 0:05:30]} 11. Qxg7 {[%emt 0:05:31]} Rg8 {[%emt 0:00:12]} 12. Qf6 {[%emt 0:08:25]} Ng6 {[%emt 0:15:53]} 13. Nf4 {[%emt 0:09:03]} Ncxe5 {[%emt 0:35:02]} 14. Nxg6 {[%emt 0:01:52]} Nxg6 {[%emt 0:00:07]} 15. Bg5 {[%emt 0:00:23]} Qc7 {[%emt 0:00:12]} 16. Rfe1 {[%emt 0:06:33]} Qe7 {[%emt 0:03:50]} 17. Qxe7+ {[%emt 0:08:55]} Nxe7 {[%emt 0:00:03]} 18. h4 {[%emt 0:03:24]} Ng6 {[%emt 0:00:28]} 19. h5 {[%emt 0:13:42]} Nf8 {[%emt 0:01:11]} 20. Bf6 {[%emt 0:01:06]} Bd7 {[%emt 0:00:13]} 21. f3 {[%emt 0:03:43]} a6 {[%emt 0:05:25]} 22. a4 {[%emt 0:02:14]} Bc6 {[%emt 0:02:11]} 23. Kf2 {[%emt 0:02:58]} Rc8 {[%emt 0:01:40]} 24. Ra3 {[%emt 0:03:41]} Kd7 {[%emt 0:06:05]} 25. Rb1 {[%emt 0:04:20]} Kd6 {[%emt 0:00:16]} 26. Bxc3 {[%emt 0:02:10]} e5 {[%emt 0:02:02]} 27. Bf5 {[%emt 0:02:01]} Re8 {[%emt 0:00:11]} 28. Bb4+ {[%emt 0:01:26]} Kc7 {[%emt 0:00:09]} 29. Rc3 {[%emt 0:00:47]} Nd7 {[%emt 0:05:23]} 30. Ba5+ {[%emt 0:01:26]} Kd6 {[%emt 0:00:14]} 31. Rxb7 {[%emt 0:02:06]} Bxb7 {[%emt 0:00:22]} 32. Bb4+ {[%emt 0:00:02]} Nc5 {[%emt 0:00:44]} 33. Rxc5 {[%emt 0:00:56]} Bc6 {[%emt 0:00:23]} 34. c4 {[%emt 0:02:20]} d4 {[%emt 0:04:56]} 35. Rb5+ {[%emt 0:00:53]} Kc7 {[%emt 0:00:13]} 36. Ba5+ {[%emt 0:00:06]} Kd6 {[%emt 0:00:02]} 37. Bb4+ {[%emt 0:00:44]} 1/2-1/2

[Event "23rd OIBM 2019"]
[Site "Gmund am Tegernsee"]
[Date "2019.11.01"]
[Round "7.30"]
[White "Ryzhkov, Vadim"]
[Black "Moehn, Hans"]
[Result "1/2-1/2"]
[WhiteElo "2187"]
[BlackElo "2370"]
[Annotator "TA"]
[PlyCount "142"]
[EventDate "2019.10.17"]
[EventType "swiss"]
[EventCountry "GER"]
[SourceTitle "playchess.com"]
[Source "ChessBase"]
[SourceQuality "1"]

{[%evp 10,142,23,13,20,15,25,27,32,16,64,46,60,63,72,64,64,71,60,61,67,75,70,76,86,86,75,99,149,138,134,136,152,109,92,104,96,36,76,-36,56,64,65,33,28,23,28,18,33,34,30,8,16,6,106,6,12,33,46,0,0,0,0,0,0,0,0,0,227,233,210,43,36,29,36,18,26,8,8,0,0,0,0,0,0,0,0,0,-8,0,0,0,0,-8,0,0,0,-25,0,-25,-25,-25,-25,-25,-27,-127,0,0,0,0,0,0,0,0,0,0,0,0,0,0,0,0,0,0,0,0,0,0,0,0,0,0,0,0,0]} 1. e4 c6 2. d4 d5 3. e5 Bf5 4. Nd2 e6 5. Nb3 Nd7 6. Nf3 h6 {B12: Caro-Kann: Advance Variation} 7. Be2 Ne7 8. O-O Qc7 {White has an edge.} 9. a4 Bh7 10. Re1 Ng6 $146 ({Predecessor:} 10... a6 11. a5 Rc8 12. c4 dxc4 13. Bxc4 Nd5 14. Bd2 Be7 15. Rc1 O-O 16. Qe2 Qb8 17. Red1 Rce8 18. Ne1 f6 19. f4 Rf7 {½-½ (19) Poetsch,H (2395)-Turov,M (2639) Bad Wiessee 2010}) 11. h4 Be7 12. g3 O-O 13. h5 Nh8 14. Bf4 Qd8 15. Bd3 Bxd3 16. Qxd3 f5 17. exf6 Nxf6 18. Qe2 Qc8 19. Qxe6+ Qxe6 20. Rxe6 Kf7 21. Re2 Nxh5 22. Ne5+ Kg8 23. Nd7 (23. Bd2 $16) 23... Rf7 24. Rae1 (24. Bd2 $16) 24... Ng6 ({Better is} 24... Bf8 $1 $15 25. Nbc5 b6 26. Nxf8 Nxf4 27. gxf4 Raxf8) 25. Bd2 $14 {Hoping for Ne5.} Nf6 26. Ne5 Nxe5 27. dxe5 Ne4 28. Kg2 Nxd2 29. Rxd2 g5 30. Rh1 Kg7 31. Nd4 g4 (31... Re8 $11) 32. Rdd1 (32. Ne6+ $16 Kg6 33. Nf4+ Kf5 34. c4 (34. Rxh6 Bg5 $16)) 32... Kg6 33. Ne6 $36 {[%mdl 2048] Black is under pressure.} Bg5 34. Rd4 ({But not} 34. Nxg5 hxg5 35. Rde1 Re8 $15) (34. c4 $5) 34... Re8 35. Nf4+ Kf5 36. Nd3 Rc7 37. b4 a5 38. bxa5 c5 $2 (38... Ra8 $11 {and Black has nothing to worry.}) 39. Rxd5 $18 c4 {[#]} 40. Nb4 $2 ({White has to play} 40. e6+ $1 $18 Kxe6 41. Re5+ Kf7 {[#]} 42. Rxg5 $1 {[%mdl 512]} hxg5 43. Rh7+ Ke6 44. Rxc7 cxd3 45. cxd3) 40... Rxe5 $14 41. Rhd1 Rxd5 42. Rxd5+ $11 {[%mdl 4096] Endgame KRB-KRN} Ke4 43. Rb5 Bd2 {next ...Bxb4 is good for Black.} 44. a6 bxa6 45. Nxa6 Ra7 46. Nc5+ Kd4 47. Rb7 Ra5 48. Rd7+ Kxc5 49. Rxd2 {KR-KR} Kb4 (49... Rxa4 {with more complications.} 50. f3 h5 51. fxg4 hxg4 52. Rf2 Kd4) 50. f3 Kc3 51. Re2 gxf3+ 52. Kxf3 Rxa4 53. Ke4 Ra5 54. Rf2 Rg5 55. Kf4 Rd5 {aiming for ...Rd2!} 56. Ke4 {[#]} Rd2 $1 {[%mdl 512]} 57. Rf6 (57. Rf4 $1 $11) 57... Re2+ ({Of course not} 57... Kxc2 $6 58. Rxh6 Rg2 59. Kf4 $11) (57... h5 $17 58. Rf5 Re2+ 59. Kd5 Rxc2 60. Rxh5 Rd2+ 61. Ke4 Rd4+ 62. Ke3 Rd3+ 63. Kf4 Rd4+ 64. Ke3 Rg4) 58. Kd5 {The position is equal.} Rxc2 59. Rxh6 Rd2+ 60. Ke4 Rd4+ 61. Kf5 Kd3 62. g4 c3 (62... Rd5+ {feels hotter.} 63. Kf4 c3 64. Rh3+ Kd2 65. Rh2+ Kc1) 63. Rh3+ Kc4 {[#]} 64. Rxc3+ $3 {[%mdl 512]} Kxc3 {KR-KP} 65. g5 Rd5+ 66. Kf6 Kd4 67. g6 Rd6+ 68. Kf7 Rd7+ 69. Kf6 (69. Ke6 $5 {[%cal Re6d7]} Rb7 70. Kf6 $11) 69... Rd6+ 70. Kf5 Rd7 71. Kf6 Rd6+ {Accuracy: White = 52%, Black = 52%.} 1/2-1/2

[Event "23rd OIBM 2019"]
[Site "Gmund am Tegernsee"]
[Date "2019.11.01"]
[Round "7.31"]
[White "Weber, Ulrich"]
[Black "Viebahn, Dirk"]
[Result "1-0"]
[WhiteElo "2360"]
[BlackElo "2137"]
[Annotator "TA"]
[PlyCount "85"]
[EventDate "2019.10.17"]
[EventType "swiss"]
[EventCountry "GER"]
[SourceTitle "playchess.com"]
[Source "ChessBase"]
[SourceQuality "1"]

{[%evp 15,93,16,46,25,59,47,50,50,58,71,70,57,73,61,59,-52,-56,-107,-107,-99,-65,-75,-44,-53,-66,-60,-50,-67,-58,-49,-50,-53,50,47,58,35,40,57,52,52,43,41,44,25,54,56,50,0,452,446,421,420,451,441,638,641,518,509,415,327,335,335,835,818,1013,1002,961,937,1069,1068,29979,29980,29986,29967,29969,29966,29986,29987,29988,29988]} 1. Nf3 d5 2. g3 Nf6 3. Bg2 g6 4. b3 Bg7 5. Bb2 O-O 6. c4 c6 7. O-O a5 8. d3 Na6 9. a3 {[%cal Ba2a3,Ba3a4][%mdl 32] A11: English Opening: 1...c6} Bf5 10. Nbd2 b5 11. Rc1 $146 {White is slightly better.} ({Predecessor:} 11. cxb5 cxb5 12. Rc1 Rc8 13. Rxc8 Qxc8 14. Qa1 Qb7 15. Rc1 Rc8 16. Be5 Bd7 17. Rxc8+ Qxc8 18. Qc3 Qxc3 19. Bxc3 b4 20. axb4 Nxb4 21. Be5 e6 22. Bc7 a4 23. bxa4 {½-½ (23) Akopian,V (2673)-Sargissian,G (2643) Yerevan 2008}) 11... b4 12. a4 Rc8 13. Rc2 Nc5 14. Qa1 Bh6 15. Rfc1 (15. cxd5 $14 cxd5 16. Rfc1) 15... Bg4 $15 16. Bd4 ({White should play} 16. Bxf6 $15 Bxf3 17. Bxf3 exf6 18. cxd5 Bxd2 19. Rxc5 Bxc1 20. Rxc1 cxd5 21. Rxc8 Qxc8 22. Bxd5) 16... Bxf3 $1 $17 17. Bxc5 Bxe2 18. Re1 Nd7 19. Bxe7 Qxe7 20. Nf3 Bg7 21. d4 dxc4 22. Rexe2 Qd6 23. Rxc4 c5 ({Better is} 23... Nb6 $1 $15 24. Rcc2 Nd5) 24. Qc1 $14 Rc7 25. Rec2 Rfc8 26. Bh3 f5 27. Bg2 Bf8 28. h4 Qf6 {With the idea ...Nb6.} 29. dxc5 Rxc5 30. Ng5 {Threatens to win with Bd5+!} h6 31. Rxc5 Nxc5 $4 {[%mdl 8192]} (31... Rxc5 $11 32. Rxc5 Nxc5 33. Bd5+ Kg7) 32. Bd5+ $18 Kh8 {[#]} 33. Ne6 $1 {[%mdl 576] Pin} Qe7 (33... Nxe6 34. Rxc8) 34. Qe3 Kh7 {[#]} (34... Bg7 $142 35. Rxc5 Rxc5 36. Qxc5 Qxc5 37. Nxc5 Be5) 35. h5 $1 {[%mdl 512]} Qd6 {intending ...Nxe6.} (35... gxh5 36. Qe5) 36. hxg6+ Kxg6 {Threatening ...Nxe6.} 37. Nf4+ Kh7 38. Kh2 Be7 $2 (38... Qf6 39. Ne6 Kh8) 39. Be6 Rf8 40. Rd2 Qc7 41. Rd5 Bd6 42. Bxf5+ Kg8 {[#]} 43. Nh5 {Played: Nf4-e6} 1-0

[Event "23rd OIBM 2019"]
[Site "Gmund am Tegernsee"]
[Date "2019.11.01"]
[Round "7.32"]
[White "Meertens, Martin"]
[Black "Fiedorek, Michal"]
[Result "0-1"]
[WhiteElo "2186"]
[BlackElo "2343"]
[Annotator "NA"]
[PlyCount "42"]
[EventDate "2019.10.17"]
[EventType "swiss"]
[EventCountry "GER"]
[SourceTitle "playchess.com"]
[Source "ChessBase"]
[SourceQuality "1"]
[TimeControl "40/5400+30:1800+30"]

1. e4 {[%emt 0:00:00]} c5 {[%emt 0:00:00]} 2. Nf3 {[%emt 0:00:00]} Nc6 {[%emt 0:00:00]} 3. d4 {[%emt 0:00:31]} cxd4 {[%emt 0:00:00]} 4. Nxd4 {[%emt 0:00:17]} Nf6 {[%emt 0:00:05]} 5. Nc3 {[%emt 0:00:14]} d6 {[%emt 0:00:12]} 6. Bg5 {[%emt 0:00:46]} e6 {[%emt 0:00:09]} 7. Qd2 {[%emt 0:00:17]} a6 {[%emt 0:00:10]} 8. O-O-O {[%emt 0:00:17]} Bd7 {[%emt 0:00:16]} 9. f4 {[%emt 0:00:25]} Be7 {[%emt 0:00:35]} 10. Nf3 {[%emt 0:06:24]} b5 {[%emt 0:00:21]} 11. Bd3 {[%emt 0:06:45]} Qa5 {[%emt 0:00:56]} 12. Kb1 {[%emt 0:04:34]} b4 {[%emt 0:01:21]} 13. Ne2 {[%emt 0:00:52]} O-O {[%emt 0:05:03]} 14. Rhe1 {[%emt 0:04:17]} Rfc8 {[%emt 0:04:25]} 15. Ned4 {[%emt 0:11:23]} Nxd4 {[%emt 0:13:41]} 16. Nxd4 {[%emt 0:00:19]} Qb6 {[%emt 0:02:39]} 17. e5 {[%emt 0:01:36]} Nd5 {[%emt 0:18:22]} 18. Bxe7 {[%emt 0:02:30]} Nxe7 {[%emt 0:00:37]} 19. exd6 {[%emt 0:06:31]} Nd5 {[%emt 0:00:11]} 20. f5 {[%emt 0:08:10]} Nc3+ {[%emt 0:03:47]} 21. bxc3 {[%emt 0:01:23]} bxc3+ {[%emt 0:04:32] Qc1} 0-1

[Event "23rd OIBM 2019"]
[Site "Gmund am Tegernsee"]
[Date "2019.11.01"]
[Round "7.33"]
[White "Tonndorf, Matthias"]
[Black "Forchert, Martin"]
[Result "0-1"]
[WhiteElo "2171"]
[BlackElo "2335"]
[Annotator "TA"]
[PlyCount "78"]
[EventDate "2019.10.17"]
[EventType "swiss"]
[EventCountry "GER"]
[SourceTitle "playchess.com"]
[Source "ChessBase"]
[SourceQuality "1"]

{[%evp 12,78,29,24,18,20,39,65,38,30,31,27,29,29,41,30,14,26,17,0,0,0,37,35,27,22,42,26,17,22,600,577,579,547,577,356,339,327,295,0,0,-374,-368,-363,-362,-373,-368,-437,-438,-559,-580,-580,-571,-506,-377,-625,-623,-727,-708,-885,-866,-1209,-1189,-1166,-1162,-1208,-1103,-1000,-974]} 1. e4 Nf6 2. e5 Nd5 3. d4 d6 4. c4 Nb6 5. exd6 exd6 6. Nc3 Be7 7. Bd3 O-O {B03: Alekhine's Defence: Four Pawns Attack} 8. Nge2 (8. Be3 {keeps more tension.} Nc6 9. Nf3 Bg4 10. O-O g6 11. b3) 8... Na6 9. a3 c6 {White is slightly better.} 10. O-O Nc7 11. Qc2 $146 ({Predecessor:} 11. h3 Re8 12. b3 d5 13. c5 Nd7 14. Bf4 Nf8 15. b4 {0-1 (45) Volokitin,A (2628)-Kasimdzhanov,R (2683) Riadh 2017}) 11... g6 12. Bh6 Re8 13. f4 f5 $1 14. g4 {[%cal Rg4f5]} d5 15. b3 $36 {[%mdl 2048] Hoping for c5. Black is under pressure.} dxc4 16. bxc4 {[%cal Rg4f5]} Ne6 17. gxf5 Nxd4 18. Nxd4 Qxd4+ {[%mdl 64] Double Attack} 19. Kh1 Bf6 20. Ne4 {And now fxg6 would win.} Qxa1 $4 {[%mdl 8192]} (20... c5 $11) 21. Rxa1 $18 Bxa1 22. fxg6 hxg6 23. Ng5 Re1+ 24. Kg2 Bg4 {[#]} 25. c5 $2 (25. Kg3 $1 $18 Bd1 26. Qb1 Re3+ {[#]} 27. Kh4 $1 {[%mdl 512]}) 25... Nd5 $11 26. Bc4 $2 {[%mdl 8192] [#]} (26. Qb3 $11 Bd4 27. h3) 26... Re2+ $1 $19 {[%mdl 512]} 27. Bxe2 Ne3+ {[%mdl 64] Double Attack} 28. Kg3 Nxc2 29. Bxg4 Nd4 30. Ne4 Nf5+ 31. Bxf5 gxf5 {[%mdl 4096] Endgame KRB-KBN} 32. Nd6 Bd4 33. Nxf5 $2 (33. Nxb7 Rb8 34. Na5) 33... Bxc5 {Black is clearly winning.} 34. h4 Bxa3 35. h5 a5 {[%cal Ba7a5,Ba5a4,Ba4a3][%mdl 32]} 36. Kg4 a4 37. Bg7 Bf8 38. Ba1 a3 39. Nd4 Bg7 {Accuracy: White = 43%, Black = 74%.} 0-1

[Event "23rd OIBM 2019"]
[Site "Gmund am Tegernsee"]
[Date "2019.11.01"]
[Round "7.34"]
[White "Schaefer, Michael"]
[Black "Koepke, Christian"]
[Result "1/2-1/2"]
[WhiteElo "2160"]
[BlackElo "2332"]
[Annotator "NA RC"]
[PlyCount "62"]
[EventDate "2019.10.17"]
[EventType "swiss"]
[EventCountry "GER"]
[SourceTitle "playchess.com"]
[Source "ChessBase"]
[SourceQuality "1"]
[TimeControl "40/5400+30:1800+30"]

1. c4 {[%emt 0:00:00]} g6 {[%emt 0:00:11]} 2. g3 {[%emt 0:00:05]} Bg7 {[%emt 0:00:15]} 3. Bg2 {[%emt 0:00:05]} Nf6 {[%emt 0:00:20]} 4. Nc3 {[%emt 0:00:11]} O-O {[%emt 0:00:26]} 5. Nf3 {[%emt 0:00:06]} d6 {[%emt 0:00:14]} 6. O-O {[%emt 0:00:52]} a6 {[%emt 0:00:52]} 7. d3 {[%emt 0:01:57]} c6 {[%emt 0:00:53]} 8. Rb1 {[%emt 0:01:59]} b5 {[%emt 0:02:15]} 9. e4 {[%emt 0:07:05]} Nbd7 {[%emt 0:19:38]} 10. Qc2 {[%emt 0:18:58]} e5 {[%emt 0:03:12]} 11. h3 {[%emt 0:02:13]} Bb7 {[%emt 0:01:48]} 12. b4 {[%emt 0:06:47]} Re8 {[%emt 0:04:14]} 13. a4 {[%emt 0:01:06]} Rc8 {[%emt 0:08:18]} 14. Re1 {[%emt 0:06:23]} bxc4 {[%emt 0:20:33]} 15. dxc4 {[%emt 0:00:17]} d5 {[%emt 0:00:30]} 16. c5 {[%emt 0:08:46]} a5 {[%emt 0:06:24]} 17. bxa5 {[%emt 0:01:18]} Ba8 {[%emt 0:04:42]} 18. Ba3 {[%emt 0:15:12]} Qxa5 {[%emt 0:00:18]} 19. Bb4 {[%emt 0:00:38]} Qd8 {[%emt 0:09:36]} 20. Nd2 {[%emt 0:00:54]} Bf8 {[%emt 0:02:12]} 21. Nb3 {[%emt 0:03:13]} Rb8 {[%emt 0:05:09]} 22. Ba3 {[%emt 0:01:11]} Bb7 {[%emt 0:00:47]} 23. a5 {[%emt 0:01:16]} Ba6 {[%emt 0:00:48]} 24. Na4 {[%emt 0:06:24]} Nxe4 {[%emt 0:01:37]} 25. Rxe4 {[%emt 0:03:54]} dxe4 {[%emt 0:00:02]} 26. Bxe4 {[%emt 0:00:22]} Rxb3 {[%emt 0:03:05]} 27. Qxb3 {[%emt 0:00:40]} Bb5 {[%emt 0:03:13]} 28. Rd1 {[%emt 0:01:32]} Qc7 {[%emt 0:01:00]} 29. Nb6 {[%emt 0:00:16]} Nf6 {[%emt 0:01:12]} 30. Bd3 {[%emt 0:00:56]} Bxd3 {[%emt 0:00:40]} 31. Qxd3 {[%emt 0:00:32]} e4 {[%emt 0:00:00]} 1/2-1/2